| 000 | 00655nam a22001937a 4500 | ||
|---|---|---|---|
| 005 | 20240110112316.0 | ||
| 010 | _aHIN-126709 | ||
| 020 |
_a9789383056385 _c4000.00 |
||
| 035 | _aHN-99055 | ||
| 037 | _bDBAD/PUB | ||
| 082 | _aउ | ||
| 100 |
_aबत्रा, सुरेश _960800 |
||
| 245 | _aनदी बहती रही / | ||
| 250 | _a1 | ||
| 260 |
_aजयपुर _bमोनिका प्रकाशन _c2021 |
||
| 270 |
_a85/175, प्रताप नगर, सांगानेर _bजयपुर _e302033 |
||
| 300 |
_a183 पृ.; _c23 सेमी.(सजिल्द) |
||
| 942 |
_2ddc _cHN _hउ _mबत्रासु |
||
| 999 |
_c200062 _d200062 |
||